L’année 2010 - Statistiques

Statistiques générales
  • Ce quiz a été pris 72 fois
  • Le résultat moyen est 9 sur 28
Statistiques - réponses
Hint Réponse % Correct
Comment s’appelle la tablette tactile d’Apple sortie cette année ? iPad
82%
Quel gratte-ciel a ouvert cette année et est devenu la plus haute structure humaine jamais construite ? Burj Khalifa
76%
Qui a chanté la musique officielle de la Coupe du Monde 2010, intitulée “Waka Waka” ? Shakira
73%
Dans quel pays a eu lieu la Coupe du Monde de football en 2010 ? Afrique du Sud
70%
Quel pays d’Amérique du Sud a légalisé le mariage pour tous cette année ? Argentine
64%
Avec la Martinique, quel est l’autre territoire français ayant eu un référendum sur son autonomie suite à une grève générale ? Guyane
50%
Dans quelle ville chinoise a eu lieu l’exposition universelle de 2010 ? Shanghai
48%
Dans quel pays, un séisme et un tsunami a provoqué l’éruption du volcan Merapi ? Indonésie
42%
Dans quelle ville d’Irak, un attentat a eu lieu contre la cathédrale Notre-Dame-de-l’Intercession faisant 68 morts ? Bagdad
39%
Quel pays a été touché par un tremblement de terre de magnitude 7,3 et un autre de magnitude 6,1 en janvier 2010 ? Haïti
38%
Dans quelle ville américaine, le 1er mai 2010, un attentat à échoué ? La bombe placée dans un véhicule n’a pas explosé. New York
36%
Dans quel pays l’école est devenue gratuite et obligatoire cette année ? Inde
33%
Qui a été nommé Premier ministre du Royaume-uni cette année ? David Cameron
29%
Qui remporte le championnat de France de rugby à XV pour la première fois de son histoire cette année ? ASM Clermont Auvergne
27%
Quel pays a abordé une flottille humanitaire en route vers la bande de Gaza ? Israël
26%
Dans quel pays, un séisme de magnitude 8,8 s’est déclenché provoquant aussi un tsunami le 27 février 2010 ? Chili
23%
Le 25 juillet 2010, sur quelle guerre, WikiLeaks révèle l’implication du gouvernement américain entre 2004 et 2010 ? Guerre d’Afghanistan
23%
Quelle équipe de football africaine a été victime d’un attentat alors qu’elle était en route vers le tournoi de la CAN ? Togo
20%
Quel chanteur connu pour ses tubes comme “Aimer à en perdre la raison” ou “C’est beau la vie” est mort cette année ? Jean Ferrat
18%
Quel ancien Premier Ministre français a été relaxé cette année dans l’affaire Clearstream ? Dominique de Villepin
17%
Dans quel pays a eu lieu un attentat visant 2 mosquées le 28 mai 2010 faisant 98 morts ? Pakistan
15%
Dans quel pays, un accident routier suivi d’un explosion et d’un incendie dans la ville de Sange a fait 242 morts ? République démocratique du Congo
12%
Quel journal a révélé l’affaire Bettencourt le 16 juin 2010 ? Mediapart
11%
Comment s’appelle la tempête qui a touché une partie de l’Europe du 26 février au 1 Mars 2010 faisant 53 morts en France ? Tempête Xynthia
11%
Comment s’appelle la plate-forme pétrolière où a eu lieu un incendie laissant 780 millions de L de pétrole dans la mer ? Deepwater Horizon
2%
Comment s’appelait le président polonais mort dans un accident d’avion avec son épouse et des membres du gouvernement ? Lech Kaczyński
2%
Qui a remplacé Xavier Darcos au ministre du Travail ? Éric Woerth
0%
Dans quel pays y’a t’il eu une rupture de barrage de l’usine d’aluminium d’Ajka causant la mort de 10 personnes ? Hongrie
0%
Aucun quiz correspondant
Distribution des résultats
% des personnes avec chaque résultat
Percentile par nombre de réponses
Votre historique - résultats
Vous n’avez pas pris ce quiz